<?xml version="1.0" encoding="UTF-8"?><?xml-stylesheet type="text/xsl" href="static/style.xsl"?><OAI-PMH xmlns="http://www.openarchives.org/OAI/2.0/" xmlns:xsi="http://www.w3.org/2001/XMLSchema-instance" xsi:schemaLocation="http://www.openarchives.org/OAI/2.0/ http://www.openarchives.org/OAI/2.0/OAI-PMH.xsd"><responseDate>2026-04-27T22:00:39Z</responseDate><request verb="GetRecord" identifier="oai:uvadoc.uva.es:10324/5975" metadataPrefix="marc">https://uvadoc.uva.es/oai/request</request><GetRecord><record><header><identifier>oai:uvadoc.uva.es:10324/5975</identifier><datestamp>2021-06-29T09:56:51Z</datestamp><setSpec>com_10324_38</setSpec><setSpec>col_10324_852</setSpec></header><metadata><record xmlns="http://www.loc.gov/MARC21/slim" xmlns:doc="http://www.lyncode.com/xoai" xmlns:xsi="http://www.w3.org/2001/XMLSchema-instance" xmlns:dcterms="http://purl.org/dc/terms/" xsi:schemaLocation="http://www.loc.gov/MARC21/slim http://www.loc.gov/standards/marcxml/schema/MARC21slim.xsd">
<leader>00925njm 22002777a 4500</leader>
<datafield tag="042" ind1=" " ind2=" ">
<subfield code="a">dc</subfield>
</datafield>
<datafield tag="720" ind1=" " ind2=" ">
<subfield code="a">Jiménez Hernández, Lorena</subfield>
<subfield code="e">author</subfield>
</datafield>
<datafield tag="260" ind1=" " ind2=" ">
<subfield code="c">2014</subfield>
</datafield>
<datafield tag="520" ind1=" " ind2=" ">
<subfield code="a">A pesar de la importancia de la conjuntiva y de las células caliciformes secretoras de moco presentes en ella, no se han encontrado referencias en la literatura que describan el carácter de dichas células en el cerdo.&#xd;
Para determinar el carácter de la secreción de las células caliciformes en la conjuntiva del cerdo se realizaron tres tinciones convencionales (PAS, AA y PAS/AA) y dos lectinas (HPA y PNA) en cerdo pre-adulto y cerdo de 25 días.&#xd;
Se determinó que el carácter de las secreciones de las células caliciformes en la conjuntiva del cerdo no es único. Durante las primeras etapas es prácticamente en su totalidad ácido, con una tinción óptima para las lectinas HPA y PNA. Cuando el cerdo es pre-adulto los mucopolisacáridos evolucionan hacia un carácter más básico, aunque seguían siendo predominantes las secreciones ácidas. Su respuesta ante la tinción con la lectina HPA aumentó y la tinción con la PNA disminuyó en la conjuntiva del cerdo pre-adulto.</subfield>
</datafield>
<datafield tag="024" ind2=" " ind1="8">
<subfield code="a">http://uvadoc.uva.es/handle/10324/5975</subfield>
</datafield>
<datafield ind1=" " ind2=" " tag="653">
<subfield code="a">Conjuntiva</subfield>
</datafield>
<datafield ind1=" " ind2=" " tag="653">
<subfield code="a">Conjuntivo, tejido</subfield>
</datafield>
<datafield tag="245" ind1="0" ind2="0">
<subfield code="a">Identificación de células caliciformes en la conjuntiva del cerdo</subfield>
</datafield>
</record></metadata></record></GetRecord></OAI-PMH>